Statistics for Australian Rules Football Brownlow Medal Winners (87+)

Click here to take the quiz!

General Stats

  • This quiz has been taken 230 times
    (210 since last reset)
  • The average score is 16 of 26

Answer Stats

YearWinner% Correct
2003Mark Ricciuto Nathan Buckley Adam Goodes
91%
2009Gary Ablett
90%
2006Adam Goodes
85%
2010Chris Judd
83%
2004Chris Judd
83%
2005Ben Cousins
78%
1996Michael Voss James Hird
77%
2011Dane Swan
76%
2008Adam Cooney
71%
2002Simon Black
71%
2001Jason Akermanis
69%
2007Jimmy Bartel
66%
1997Robert Harvey
66%
1998Robert Harvey
66%
1987Tony Lockett John Platten
62%
2000Shane Woewodin
57%
1999Shane Crawford
56%
1994Greg Williams
55%
1993Gavin Wanganeen
51%
1991Jim Stynes
48%
1990Tony Liberatore
46%
1995Paul Kelly
42%
1992Scott Wynd
39%
1989Paul Couch
38%
1988Gerard Healy
33%
2012Jobe Watson
25%

Score Distribution

Percentile by Number Answered

Percent of People with Each Score

Your Score History

You have not taken this quiz since the last reset